000 00640nam a2200241Ia 4500
005 20260320201050.0
008 008 262003s9999 xx 000 0 eng d
037 _aEBOOK
040 _aCRL
040 _beng
040 _cCRL
041 _2eng
041 _aeng
084 _qCRL
100 _aTemple
_9880533
245 0 _aImplosion: Lessons from National Security, High Reliability Spacecraft, Electronics, and the Forces Which Changed Them
260 _bIEEE
260 _c2013
856 _uhttps://ieeexplore.ieee.org/servlet/opac?bknumber=6480472
942 _cEBOOK
999 _c1718628
_d1718628